| 000 | 02263nam0a2200337 4500 | ||
|---|---|---|---|
| 001 | RU\NLR\BIBL_A\022323060 | ||
| 005 | 20260420014611.0 | ||
| 010 |
_a978-5-907368-73-6 _9300 |
||
| 021 |
_aRU _bКН-П-24-045983 _9КН-П-24-4574 |
||
| 035 | _a(NLR Aleph) 022323060 | ||
| 090 |
_a13665131 _c13665131 |
||
| 100 | _a20240916d2024 u y0rusy50 ca | ||
| 101 | 0 | _arus | |
| 102 | _aRU | ||
| 105 | _aa z 000yy | ||
| 181 | 0 |
_ai _baxxe |
|
| 182 | 0 | _an | |
| 200 | 1 |
_aСервисы онлайн-опросов в социологическом исследовании _eучебное пособие _eпо дисциплинам "Методы социологического исследования", "Методология и методы исследований в современной социологии для обучающихся по направлениям подготовки 39.03.01 "Социология" и 39.03.02 "Социальная работа" _fИ. В. Вицентий _gМинистерство науки и высшего образования Российской Федерации, Федеральное государственное автономное образовательное учреждение высшего образования "Мурманский арктический университет" |
|
| 203 |
_aТекст _bвизуальный _cнепосредственный |
||
| 210 |
_aМурманск _cИзд-во МАУ _d2024 |
||
| 215 |
_a116 с. _cил., табл. _d21 |
||
| 320 | _aБиблиогр.: с. 87-94 (63 назв.) | ||
| 333 | _a16+ | ||
| 606 | 1 |
_aINTERNET, глобальная информационная сеть _jУчебные издания для высших учебных заведений _xПрименение в социологии _92161351 _3RU\NLR\AUTH\661605341 |
|
| 606 | 1 |
_aАнкеты _jУчебные издания для высших учебных заведений _xПрименение в социологии _92078508 _3RU\NLR\AUTH\661254368 |
|
| 686 | 1 | _aС5в62я73 | |
| 700 | 1 |
_aВицентий _bИ. В. _gИрина Викторовна |
|
| 942 | _cBOOK | ||
| 980 | _aNB | ||